| 000 | 01618nam a2200301 a 4500 | ||
|---|---|---|---|
| 001 | 000045931 | ||
| 005 | 20201002052530.0 | ||
| 008 | 150602s2013 dr a 000 0 spa d | ||
| 020 | _z9789945444298 (v. 0) | ||
| 020 | _z9789945444301 (v. 1) | ||
| 020 | _z9789945444328 (v. 3) | ||
| 020 | _z978994544431X (v. 2) | ||
| 040 |
_aDO-SdBNP _bspa _cBNPHU |
||
| 082 |
_axxxx _bxxxx |
||
| 100 | 1 |
_aCuello del Orbe, Elisa Ysabel _974001 |
|
| 245 | 1 | 0 |
_aPequeño tesoro : _bnivel inicial / _cElisa Ysabel Cuello del Orbe ; ilustraciones Wi-Hen Fung, Henri Cid ; producción editorial María del Jesús de la Rosa. |
| 260 |
_aSanto Domingo : _bActualidad escolar 2000, _c2013. |
||
| 300 |
_a4 v. : _bil. ; _c22 cm. |
||
| 500 | _aLibros para niños de 2 a 5 años de edad. | ||
| 500 | _aComprende un libro de textos para párvulo, pequeño tesoro 0 y tres textos para el nivel inicial. | ||
| 500 | _aEl volumen 0 trae el libro de texto y el libro del maestro. | ||
| 500 | _aLos libros de textos Pequeño tesoro 1, 2 y 3 estan acompañados de un módulo de grafomotricidad, un módulo de inglés y el libro del maestro. | ||
| 505 | 0 |
_gv. 0 : _tMi entorno escolar -- _tSoy persona, tengo familia -- _tAlimentos, plantas y animales -- _tMi comunidad local y nacional -- |
|
| 505 | 0 |
_tMi persona -- _tMi familia -- _tMi entorno escolar -- _tMi comunidad local -- _tMi comunidad nacional -- _tLos alimentos -- _tLas plantas, los animales y la naturaleza -- _tEl planeta tierra y el universo -- |
|
| 700 | 1 |
_aFung, Wi-Hen _eil. _973248 |
|
| 700 | 1 |
_aCid, Henri _eil. _974002 |
|
| 700 | 1 |
_aDel Jesús de la Rosa, María _eprod. ed. _973675 |
|
| 999 |
_c45420 _d45420 |
||